[Event "Pan American Amateur-ch"]
[Site "Curitiba"]
[Date "2015.12.16"]
[Round "2"]
[White "Torres Chavez, Daniel Alejandro"]
[Black "De Moura, Pablo Rafael"]
[Result "1-0"]
[WhiteElo "1886"]
[BlackElo "1692"]
[PlyCount "123"]
[EventDate "2015.12.16"]
[EventType "swiss"]
[EventRounds "9"]
[EventCountry "BRA"]
[SourceTitle "CBM 170 Extra"]
[Source "ChessBase"]
[SourceDate "2016.02.25"]
[SourceVersion "1"]
[SourceVersionDate "2016.02.25"]
[SourceQuality "1"]

1. d4 Nf6 2. c4 g6 3. Nf3 Bg7 4. Nc3 d5 5. cxd5 Nxd5 6. e4 Nxc3 7. bxc3 c5 8. Bc4 0-0 9. h3 Qc7 10. Qc2 Nc6 11. Be2 Na5 12. Be3 cxd4 13. Bxd4 e5 14. Be3 Nc4 15. Bxc4 Qxc4 16. Nd2 Qa6 17. c4 Be6 18. 0-0 Rac8 19. Rfc1 b6 20. c5 bxc5 21. Nb3 c4 22. Nc5 Qc6 23. Nxe6 Qxe6 24. Bxa7 Rc7 25. Be3 Rfc8 26. a4 Bf8 27. a5 Bc5 28. Bxc5 Rxc5 29. Qc3 Qc6 30. f3 Rb5 31. Ra4 Rb3 32. Qxc4 Qxc4 33. Rcxc4 Rxc4 34. Rxc4 Ra3 35. Rc8+ Kg7 36. Ra8 Kf6 37. Kf2 h5 38. Kg3 g5 39. h4 g4 40. a6 gxf3 41. gxf3 Kg7 42. a7 Ra5 43. Re8 Rxa7 44. Rxe5 Kg6 45. Rg5+ Kh6 46. Kf4 Ra4 47. Rd5 Kg6 48. Rg5+ Kh6 49. Kf5 Ra5+ 50. e5 Ra4 51. f4 Rb4 52. Rg8 Kh7 53. Re8 Kg7 54. Kg5 Ra4 55. Re7 Kf8 56. Rb7 Rc4 57. f5 Rc5 58. Kf6 Rc8 59. Rxf7+ Ke8 60. Rh7 Rc6+ 61. e6 Kd8 62. Rxh5 1-0

[Event "Sao Paulo Consciencia op 6th"]
[Site "Sao Paulo"]
[Date "2015.10.12"]
[Round "6"]
[White "Saito, Helio Tsutomu"]
[Black "De Moura, Pablo Rafael"]
[Result "1/2-1/2"]
[WhiteElo "1648"]
[BlackElo "1699"]
[PlyCount "67"]
[EventDate "2015.10.10"]
[EventType "swiss"]
[EventRounds "6"]
[EventCountry "BRA"]
[SourceTitle "CBM 168 Extra"]
[Source "ChessBase"]
[SourceDate "2015.10.29"]
[SourceVersion "1"]
[SourceVersionDate "2015.10.29"]
[SourceQuality "1"]

1. e4 c5 2. Nf3 e6 3. d4 cxd4 4. Nxd4 Nf6 5. Nc3 Nc6 6. Be3 Bb4 7. f3 d5 8. Bb5 Bd7 9. Bxc6 Bxc6 10. e5 Nd7 11. f4 Nc5 12. a3 Bxc3+ 13. bxc3 Qa5 14. Nxc6 bxc6 15. Qd4 Ne4 16. Qb4 Qxb4 17. cxb4 Kd7 18. Bd4 a5 19. Ke2 Rhc8 20. Bc5 Nxc5 21. bxc5 Rcb8 22. Rab1 Rb5 23. Kd3 Rab8 24. Rxb5 Rxb5 25. Kd4 h5 26. h4 a4 27. Rh3 Rb2 28. Kc3 Ra2 29. Rd3 Rxa3+ 30. Kb2 Rxd3 31. cxd3 f5 32. Ka3 Kc7 33. Kxa4 Kb7 34. Ka5 1/2-1/2

[Event "Sao Paulo Consciencia op 6th"]
[Site "Sao Paulo"]
[Date "2015.10.11"]
[Round "4"]
[White "Cisz, Isadora Bernardo"]
[Black "De Moura, Pablo Rafael"]
[Result "1/2-1/2"]
[WhiteElo "1630"]
[BlackElo "1699"]
[PlyCount "69"]
[EventDate "2015.10.10"]
[EventType "swiss"]
[EventRounds "6"]
[EventCountry "BRA"]
[SourceTitle "CBM 168 Extra"]
[Source "ChessBase"]
[SourceDate "2015.10.29"]
[SourceVersion "1"]
[SourceVersionDate "2015.10.29"]
[SourceQuality "1"]

1. e4 c5 2. Nf3 e6 3. c3 Nc6 4. d4 d5 5. exd5 Qxd5 6. Bf4 cxd4 7. cxd4 Nf6 8. Nc3 Bb4 9. Bd2 Bxc3 10. bxc3 0-0 11. Bd3 e5 12. c4 Qd8 13. dxe5 Qxd3 14. exf6 Re8+ 15. Be3 Qc3+ 16. Nd2 Bf5 17. 0-0 Rad8 18. Qb3 Qxf6 19. Nf3 h6 20. Rad1 Bg4 21. Rxd8 Rxd8 22. Nd2 b6 23. c5 Nd4 24. Ne4 Qg6 25. Bxd4 Rxd4 26. f3 Be6 27. Qb2 bxc5 28. Nxc5 Rc4 29. Nxe6 Qxe6 30. Qb8+ Kh7 31. Qxa7 Rc2 32. a4 Qe2 33. Qf2 Qc4 34. Qa7 Qe2 35. Qf2 1/2-1/2

[Event "Sao Paulo Consciencia op 6th"]
[Site "Sao Paulo"]
[Date "2015.10.11"]
[Round "3"]
[White "De Moura, Pablo Rafael"]
[Black "Kajiwara, Joao Kazuyuki"]
[Result "1-0"]
[WhiteElo "1699"]
[BlackElo "1262"]
[PlyCount "43"]
[EventDate "2015.10.10"]
[EventType "swiss"]
[EventRounds "6"]
[EventCountry "BRA"]
[SourceTitle "CBM 168 Extra"]
[Source "ChessBase"]
[SourceDate "2015.10.29"]
[SourceVersion "1"]
[SourceVersionDate "2015.10.29"]
[SourceQuality "1"]

1. d4 d6 2. c4 c6 3. Nc3 Qc7 4. e4 e5 5. Nf3 Bg4 6. Be2 Nf6 7. 0-0 Be7 8. h3 Bh5 9. Be3 0-0 10. Rc1 Nbd7 11. Qc2 Bxf3 12. Bxf3 exd4 13. Bxd4 Ne5 14. Bxe5 dxe5 15. Rcd1 Rad8 16. b3 a6 17. Na4 b5 18. cxb5 axb5 19. Nc5 Rd4 20. Rxd4 exd4 21. Rc1 Qe5 22. Nd3 1-0

[Event "Curitiba Sul Regional-ch"]
[Site "Curitiba"]
[Date "2015.07.11"]
[Round "4"]
[White "De Moura, Pablo Rafael"]
[Black "Dull, Amanda Paul"]
[Result "1/2-1/2"]
[WhiteElo "1677"]
[BlackElo "1838"]
[PlyCount "70"]
[EventDate "2015.07.10"]
[EventType "swiss"]
[EventRounds "6"]
[EventCountry "BRA"]
[SourceTitle "EXT 2016"]
[Source "ChessBase"]
[SourceDate "2015.10.08"]
[SourceVersion "1"]
[SourceVersionDate "2015.10.08"]
[SourceQuality "1"]

1. d4 Nf6 2. Nf3 g6 3. g3 Bg7 4. Bg2 d5 5. 0-0 0-0 6. c4 c6 7. Qc2 Re8 8. Rd1 Nbd7 9. cxd5 cxd5 10. Bf4 Qb6 11. Nc3 e6 12. Rac1 a6 13. Na4 Qd8 14. Qc7 Qxc7 15. Rxc7 h6 16. Rdc1 g5 17. Be5 Rd8 18. Bxf6 Bxf6 19. e3 b5 20. Nc5 Nxc5 21. R1xc5 Bd7 22. Nd2 Be7 23. Rc1 Bd6 24. R7c2 Rac8 25. Nb3 Rxc2 26. Rxc2 f5 27. Nc5 Rc8 28. b4 Rc7 29. Kf1 Kf7 30. Ke1 Ke7 31. Kd2 Ra7 32. a3 a5 33. Nxd7 Kxd7 34. Bf1 Rb7 35. Rb2 axb4 1/2-1/2

[Event "Curitiba CC 76 Anniversary"]
[Site "Curitiba"]
[Date "2014.02.01"]
[Round "4"]
[White "Scardini, Leonardo"]
[Black "De Moura, Pablo Rafael"]
[Result "0-1"]
[WhiteElo "1576"]
[BlackElo "1800"]
[PlyCount "78"]
[EventDate "2014.01.31"]
[EventType "swiss"]
[EventRounds "6"]
[EventCountry "BRA"]
[SourceTitle "CBM 158 Extra"]
[Source "ChessBase"]
[SourceDate "2014.02.28"]
[SourceVersion "1"]
[SourceVersionDate "2014.02.28"]
[SourceQuality "1"]

1. d4 e6 2. c4 d5 3. Nc3 Nf6 4. Bg5 c6 5. e3 h6 6. Bh4 Nbd7 7. Nf3 dxc4 8. Bxc4 b5 9. Bd3 Bb7 10. 0-0 a6 11. a3 c5 12. dxc5 Bxc5 13. Rc1 Rc8 14. h3 0-0 15. Qe2 Be7 16. Rfd1 Nh5 17. Bxe7 Qxe7 18. Be4 Bxe4 19. Nxe4 Nhf6 20. Nfd2 Rfd8 21. Qf3 Nxe4 22. Nxe4 Ne5 23. Qe2 Rxd1+ 24. Qxd1 Rd8 25. Qc2 Qd7 26. Kf1 Nc4 27. Ke2 Qd5 28. f3 f5 29. Rd1 Qxd1+ 30. Qxd1 Rxd1 31. Kxd1 fxe4 32. Ke2 Nxb2 33. fxe4 Nc4 34. Kd3 Nxa3 35. Kd4 b4 36. e5 a5 37. e4 b3 38. Kc3 a4 39. Kb2 Nc4+ 0-1

[Event "Curitiba CC 76 Anniversary"]
[Site "Curitiba"]
[Date "2014.01.31"]
[Round "1"]
[White "Nolasco de Moraes, Vitor"]
[Black "De Moura, Pablo Rafael"]
[Result "1/2-1/2"]
[WhiteElo "1905"]
[BlackElo "1800"]
[PlyCount "115"]
[EventDate "2014.01.31"]
[EventType "swiss"]
[EventRounds "6"]
[EventCountry "BRA"]
[SourceTitle "CBM 158 Extra"]
[Source "ChessBase"]
[SourceDate "2014.02.28"]
[SourceVersion "1"]
[SourceVersionDate "2014.02.28"]
[SourceQuality "1"]

1. e4 e6 2. d4 d5 3. e5 c5 4. c3 Nc6 5. Nf3 Qb6 6. a3 c4 7. Be2 Bd7 8. Nbd2 Na5 9. Rb1 Rc8 10. 0-0 h6 11. Qc2 Ne7 12. Bd1 Nec6 13. b3 Nxb3 14. Nxb3 cxb3 15. Rxb3 Qc7 16. Be2 Na5 17. Rb1 b6 18. Bb2 Nc4 19. Bxc4 Qxc4 20. Rfc1 Ba4 21. Qd2 Be7 22. h4 Bb5 23. Qd1 Qd3 24. Qe1 Qe2 25. Kh2 Bd3 26. Qxe2 Bxe2 27. Kh3 Bxf3 28. gxf3 h5 29. Rc2 Rc4 30. Ra1 Kd7 31. a4 Rhc8 32. Rcc1 g6 33. a5 b5 34. Kg3 b4 35. cxb4 Rxc1 36. Bxc1 Bxb4 37. Ra4 Rc4 38. Be3 Kc6 39. a6 Kb5 40. Ra1 Ba5 41. Kf4 Bb6 42. Kg5 Bxd4 43. Rb1+ Kxa6 44. Rb8 Bxe3+ 45. fxe3 d4 46. exd4 Rxd4 47. Rf8 Rd7 48. Kf6 Kb7 49. Rxf7 Rxf7+ 50. Kxf7 a5 51. Kxe6 a4 52. Kd7 a3 53. e6 a2 54. e7 a1Q 55. e8Q Qd4+ 56. Ke6 Qe3+ 57. Kd7 Qd4+ 58. Ke6 1/2-1/2